Business Strategy and Planning / Text and Cases (Record no. 3357)
[ view plain ]
| 000 -LEADER | |
|---|---|
| fixed length control field | 01489cam a22001934a 4500 |
| 005 - ΗΜΕΡΟΜΗΝΙΑ ΚΑΙ ΩΡΑ ΤΕΛΕΥΤΑΙΑΣ ΕΝΗΜΕΡΩΣΗΣ | |
| Πεδίο ελέγχου | 20250605164113.0 |
| 008 - FIXED-LENGTH DATA ELEMENTS--GENERAL INFORMATION | |
| Πεδίο ελέγχου σταθερού μήκους | 250528s ||||||||||||||||||||||||d |
| 035 ## - SYSTEM CONTROL NUMBER | |
| System control number | 17963 |
| 020 ## - ISBN | |
| ISBN | 77077180 |
| 040 ## - ΠΗΓΗ ΚΑΤΑΛΟΓΟΓΡΑΦΗΣΗΣ | |
| Φορέας πρωτότυπης καταλογογράφησης | MC Athens Campus Library |
| Γλώσσα καταλογογράφησης | Ελληνικά, Μοντέρνα (1453-) |
| Modifying agency | MC Athens Campus Library |
| Κανόνες περιγραφικής καταλογογράφησης | AACR2 |
| 245 1# - ΤΙΤΛΟΣ ΚΑΙ ΔΗΛΩΣΗ ΥΠΕΥΘΥΝΟΤΗΤΑΣ | |
| Τίτλος | Business Strategy and Planning / Text and Cases |
| 260 ## - PUBLICATION, DISTRIBUTION, ETC. | |
| Name of publisher, distributor, etc. | Mcgraw Hill Book Company, |
| Date of publication, distribution, etc. | 1993 |
| 300 ## - PHYSICAL DESCRIPTION | |
| Extent | 386 |
| 520 ## - SUMMARY, ETC. | |
| Summary, etc. | A comprehensive and practical treatment of strategic management, business policy and business planning. Preface, Acknowledgements, Introduction, Strategic Analysis, Corporate Appraisal, Competitive Analysis, Environmental Analysis, Market Analysis, Environmentalism and the Green Revolution, Business Forecasting, Strategic Choice and Decision Making, Entrepreneurship, Missions and Objectives and Strategies, Competition Strategies, Volume and Cost, Product-Market Strategies, The Strategic Management of Brands, Corporate Identity and Public Relations, Managing Innovation and Technology, Business Development Strategies, Operations Management and Quality and Value, Financial Strategies, Evaluating Strategic Choice, Strategy Implementation, Strategy and Structure and Planning Style, Organization Culture, Implementing Innovation and Change, Human Resource Management, International Strategy: Thinking Globally and Managing Locally, Financial Management, Business Plans, Case Studies, Appendixes, Index. |
| 700 1# - ΠΡΟΣΘΕΤΗ ΑΝΑΓΡΑΦΗ--ΦΥΣΙΚΟ ΠΡΟΣΩΠΟ | |
| Personal name | Morden Tony |
| 9 (RLIN) | 1804 |
| 942 ## - ADDED ENTRY ELEMENTS (KOHA) | |
| Koha item type | Books |
| Τύπος τεκμηρίου | Βιβλιοθήκη | Τρέχουσα τοποθεσία | Barcode | Αριθμός εισαγωγής | Ημερομηνία απόκτησης | Ταξιθετικό σύμβολο | Αριθμός αντιτύπου | Κατάσταση απόσυρσης | Κατάσταση χαμένου | Κατάσταση κατεστραμμένου | Μη δανεισμός | Σύνολο δανεισμών | Ημερομηνία τελευταίας εμφάνισης | Η τιμή ισχύει από |
|---|---|---|---|---|---|---|---|---|---|---|---|---|---|---|
| Books | MC Athens Campus Library | MC Athens Campus Library | 9780000033567 | 1736 | 05/06/2025 | 658.4/012 MOR | 1 | 05/06/2025 | 05/06/2025 |